Sport par athlètes suisses - Statistiques

Statistiques générales
  • Ce quiz a été pris 266 fois
    244 depuis la dernière actualisation
  • Le résultat moyen est 13 sur 33
Statistiques - réponses
Hint Réponse % Correct
Roger Federer, Martina Hingis Tennis
100%
Xherdan Shaqiri, Ramona Bachmann Football
96%
Pirmin Zurbringgen, Lara Gut Ski alpin
77%
Dario Cologna, Nathalie von Siebenthal Ski de fond
67%
Fabian Cancellera, Marlen Reusser Cyclisme
64%
Alex Wilson, Munjiga Kambundji 100m
54%
Nino Schurter, Jolanda Neff VTT
53%
Siman Amman, Sabrina Windmüller Saut à Ski
51%
Clint Capella, Evita Herminjard Basket
47%
Thomas Lüthi, Dominique Aegerter Moto
46%
Jeremy Desplanches, Swann Oberson Natation
45%
Sven Riederer, Nicola Spirig Triathlon
40%
Steve Guerdat, Nadja Peter Schneider Equitation
39%
Mark Streit, Sarah Froster Hockey sur Glace
39%
Stefane Lambiel, Denise Biellmann Patinage artistique
39%
Iouri Podlatchikov, Estelle Ballet Snowboard
37%
Andri Ragettli, Mathilde Gremaud Ski freestyle
35%
Benjamin Weger, Selina Gasparin Biathlon
34%
Tadesse Abraham, Fabienne Schlumpf Marathon
34%
Peter de Cruz, Mirjam Ott Curling
33%
Georges Miez, Giula Steingruber Gymnastique
31%
Karim Hussein, Léa Sprunger 400m haie
28%
Julien Clément, Albane Valenzuela Golf
24%
André Bucher, Selina Büchel 800m
23%
Simon Ehammer, Geraldine Ruckstuhl Decathlon/Heptathlon
21%
Werner Günthor, Ursula Stäheli lancer du poids
19%
Dominique Wavre, Dona Bertarelli Voile
19%
Beat Hefti, Melanie Hasler Bobsleigh
18%
Lucas Tramèr, Sofia Meakin Aviron
17%
Clay Regazzoni, Natacha Gachnang Formule 1
17%
Felix Böhni, Nicole Büchler Saut à la perche
15%
Marcel Fischer, Gianna Hablützel-Bürki Escrime
9%
Bruno Remolif, Nastasia Civitillo Tchoukball
4%
Aucun quiz correspondant
Distribution des résultats
% des personnes avec chaque résultat
Percentile par nombre de réponses
Votre historique - résultats
Vous n’avez pas pris ce quiz depuis la dernière actualisation